Statistics for Words ending in -ology part A

Click here to take the quiz!

General Stats

  • This quiz has been taken 4 times
  • The average score is 11 of 105

Answer Stats

HintAnswer% Correct
The study of inanimate, inorganic, or lifeless thingsAbiology
50%
The study of the anatomy of blood and lymph vascular systemsAngiology
50%
The holistic scientific and social study of humanity, mainly using ethnography as its methodAnthropology
50%
The scientific study of spiders and related animals such as scorpions, pseudoscorpions, and harvestmen, collectively called arachnidsArachnology
50%
The study of mites and ticksAcarology
25%
The science of remedies or therapeuticsAceology
25%
The study of grasshoppers and locustsAcridology
25%
The study of the air and of the atmosphereAerology
25%
The study or investigation of the causes of disease; a scientific explanation for the origin of a diseaseAetiology
25%
The study of meteorological, climatological, and hydrological conditions which are significant for agriculture owing to their interaction with the objects and process of agriculture productionAgroclimatology
25%
The science and art of agricultureAgrology
25%
The study of weather and use of weather and climate information to enhance or expand agricultural crops and/or to increase crop productionAgrometeorology
25%
The application of modern technology to agricultureAgrotechnology
25%
Interdisciplinary branch of the humanities that addresses the language, costume, literature, art, culture and history of AlbaniansAlbanology
25%
The medical treatment of pain as practiced in Greece and TurkeyAlgology
25%
The study of nutritionAlimentology
25%
The study of the causes and treatment of allergiesAllergology
25%
The study of alphabetic systems of writingAlphabetology
25%
The branch of zoology that deals with the class AmphibiaAmphibiology
25%
The medical specialty that deals with male health, particularly relating to the problems of the male reproductive system and urological problems that are unique to menAndrology
25%
The study of windAnemology
25%
The study of angelsAngelology
25%
A published collection of poems or other pieces of writingAnthology
25%
The study of the interactions between humans and animalsAnthrozoology
25%
A philosophy opposing technologyAntitechnology
25%
The study of linguistic problems or aphasias resulting from brain damageAphasiology
25%
The scientific study of honey bees and honey-makingApiology
25%
An acknowledgement for a failure or mistakeApology
25%
The study of human activity through the recovery and analysis of material cultureArcheology
25%
The branch of anatomy dealing with jointsArthrology
25%
The study of the AssyriansAssyriology
25%
The study of asthmaAsthmology
25%
The study of the movements and relative positions of celestial objects as a means for divining information about human affairs and terrestrial eventsAstrology
25%
The resistance or opposition to theologyAtheology
25%
The study of a planetary atmosphereAtmospherology
25%
The study or doctrine of atomsAtomology
25%
The study of oneselfAutology
25%
The study of inanimate natureAzoology
25%
The study of inorganic processes in biological systemsAbiophysiology
0%
The study of cactus spines or euphorbia thorns grown in time ordered sequenceAcanthochronology
0%
The study of spined things, in particular sea urchins, and the resultant impact on taxonomyAcanthology
0%
The systematic analysis of word or phrase stress and accentuation in languageAccentology
0%
The science of medical remedies, Materia MedicaAcology
0%
The study of diseases affecting limbsAcropathology
0%
The study of the effects of radiation upon living organismsActinobiology
0%
The study of the effect of light on chemicalsActinology
0%
The incorrect use of languageAcyrology
0%
The branch of medicine dealing with the development, structure, function, and diseases of glandsAdenology
0%
The study of human genitaliaAedoeology
0%
A branch of biology that studies organic particles, such as bacteria, fungal spores, very small insects, pollen grains and viruses, which are passively transported by the airAerobio
0%
The study of geological features by aerial observation and aerophotographyAerogeology
0%
The study of meteoritesAerolithology
0%
The study of pollen grains and spores in the atmosphereAeropalynology
0%
The science or theory of the good or goodnessAgathology
0%
The branch of medical science that studies fracturesAgmatology
0%
The study of things of which humans are by nature ignorant, or of things which cannot be knownAgnoiology
0%
The study of culturally induced ignorance or doubt, particularly the publication of inaccurate or misleading scientific dataAgnotology
0%
The comparative study of primitive, illiterate or "savage" culturesAgriology
0%
The science of plant nutrition and growth in relation to soil conditions, especially to determine ways to increase crop yieldsAgrobiology
0%
The study of ecological processes that operate in agricultural production systemsAgroecology
0%
The study of the origins of minerals known as agrominerals and their applicationsAgrogeology
0%
The scientific study of the grassesAgrostology
0%
The study of causation, or originationAitiology
0%
The study of the nature of truth or aletheiaAlethiology
0%
A situation where a sentence may be interpreted in more than one way due to ambiguous sentence structureAmphibology
0%
The branch of medicine dealing with the prosthetic rehabilitation of an absent, disfigured or malformed anatomically critical location of the face or bodyAnaplastology
0%
The study of how people throughout history have progressed and thrived with limited government or with no government at allAnarcheology
0%
The study of friction as a remedy in medicineAnatripsology
0%
The branch of medical science that studies and applies anesthetics and anesthesiaAnesthesiology
0%
The pathology of diseased blood vesselsAngiopathology
0%
The reply to an apologyAntapology
0%
The branch of ecology that studies the relationship of flowers to their environmentAnthoecology
0%
The study of the biologic relationships of humans as a speciesAnthropobiology
0%
The attribution of human characteristics to GodAnthropomorphology
0%
The anthropological and sociological study of race as a means of establishing the superiority of certain peoplesAnthroposociology
0%
The study of wealthAphnology
0%
The study of honey bee ecologyApicology
0%
The branch of arachnology that deals with spidersAraneology
0%
The branch of geology that studies the geological formations of the pastArcheogeology
0%
The study of faunal remains or the items left behind when an animal diesArcheozoology
0%
The study of the science of governance or the origin of thingsArchology
0%
A field of creating architectural design principles for very densely populated, ecologically low-impact human habitatsArcology
0%
The study of the planet Mars' geology.Areology
0%
The part of moral philosophy which treats of virtue, its nature, and the means of attaining to itAretology
0%
The art or study of cooking and diningAristology
0%
The study of the story of Noah's Ark, particularly the search for physical evidence which would corroborate itArkeology
0%
The study of Armenian history, language, and cultureArmenology
0%
The branch of angiology dealing with arteriesArteriology
0%
The study of functional and structural changes made by diseases of the jointsArthropathology
0%
The study of arthropodsArthropodology
0%
The study of crayfishAstacology
0%
The study of oscillations in starsAsteroseismology
0%
The study of diseases of weakening and agingAstheniology
0%
The study of astronomical knowledge of prehistoric culturesAstroarchaeology
0%
The study of the origin, evolution, distribution, and future of life in the universe: extraterrestrial life and life on EarthAstrobiology
0%
The science dealing with the structure and composition of planets and other bodies in the Solar SystemAstrogeology
0%
The study of aerolitesAstrolithology
0%
The study of the theoretical effects of astronomical bodies and forces on the Earth's atmosphereAstrometeorology
0%
The study of oscillations in starsAstroseismology
0%
The branch of science dealing with the laws and phenomena of aqueous vapourAtmology
0%
The study of the auditory and vestibular systems, and associated disordersAudiology
0%
One of two broad subdivisions of ecology, which studies the individual organism or speciesAutecology
0%
The study of unusual license platesAutonumerology
0%
The study of growthAuxanology
0%
The philosophical study of valueAxiology
0%

Score Distribution

Percentile by Number Answered

Percent of People with Each Score

Your Score History

You have not taken this quiz